000 00711nam a22002057a 4500
005 20130508161253.0
010 _aB-496644-648
020 _a9781447211068
_c399.00
035 _aB-496644-648
037 _bUBH/Ven
082 _aS
100 _aArcher, Jeffrey
245 _aThe new collected short stories /
_cby Jeffrey Archer
260 _aLondon
_bPan Books
_cc2011
270 _aPan Mcmillan,20 New Wharf Road
_bLondon
_eN1 9RR
300 _a857P.
_bill.
_c20cm(pbk).
500 _aIt include index and To cut a long story short , Cat O' nine tales and Thereby hangs a tale
942 _2ddc
_cEN
_mARC
_hS
999 _c74511
_d74511